History of Science in India: (Record no. 207707)

MARC details
000 -LEADER
fixed length control field 00652nam a22002177a 4500
005 - DATE AND TIME OF LATEST TRANSACTION
control field 20241216112651.0
010 ## - LCCN (DPL NO)
LC control number ENG-143086
020 ## - INTERNATIONAL STANDARD BOOK NUMBER
International Standard Book Number 9789381325452(Vol 5)
Terms of availability 250.00
035 ## - SYSTEM CONTROL NUMBER
System control number EN-126618
037 ## - SOURCE OF ACQUISITION
Source of stock number/acquisition DBAD
082 ## - DEWEY DECIMAL CLASSIFICATION NUMBER
Classification number 630
100 ## - MAIN ENTRY--PERSONAL NAME
Personal name Basu, R.N
245 ## - TITLE STATEMENT
Title History of Science in India:
Statement of responsibility, etc by R.N Basu [and] T.K Bose
Remainder of title Agricultural Science/
250 ## - EDITION STATEMENT
Edition statement vol.II
260 ## - PUBLICATION, DISTRIBUTION, ETC. (IMPRINT)
Place of publication, distribution, etc Kolkata
Name of publisher, distributor, etc The Ramakrishna Mission Institute of Culture
Date of publication, distribution, etc 2017
270 ## - ADDRESS
Address Gol Park
City Kolkata
Postal code 700029
300 ## - PHYSICAL DESCRIPTION
Extent xviii,753p.:
Dimensions 25cm(Hb)
Other physical details ill.
490 ## - SERIES STATEMENT
Volume number/sequential designation Vol 5
700 ## - ADDED ENTRY--PERSONAL NAME
Personal name Bose, T.K
9 (RLIN) 75181
942 ## - ADDED ENTRY ELEMENTS (KOHA)
Source of classification or shelving scheme Dewey Decimal Classification
Item type English Books
Classification part 630
Call number suffix BAS
Holdings
Withdrawn status Lost status Materials specified (bound volume or other part) Not for loan Collection code Home library Current library Date acquired Source of acquisition Cost, normal purchase price Full call number Barcode Copy number Cost, replacement price Koha item type
    Vol 5 Not For Loan Reference Central Library Central Library 16/12/2024 Delivery of Books Division 250.00 630 BAS EN-126618 1 250.00 English Books

© Delhi Public Library
Hit Counter
free hit counter